10 US. States with the most Greek ancestry residents - Statistics

General Stats
  • This quiz has been taken 84 times
  • The average score is 8 of 10
Answer Stats
Population State % Correct
146k New York
95%
124k California
90%
38k Texas
85%
88k Florida
83%
40k Ohio
83%
39k Pennsylvania
80%
89k Illinois
73%
57k New Jersey
73%
76k Massachusetts
71%
35k Michigan
66%
No matching quizzes found
Score Distribution
Percent of People with Each Score
Percentile by Number Answered
Your Score History
You have not taken this quiz